000 01580nam1a22003739i 4500
001 RU\NLR\b_ik\73439
005 20260406103251.0
035 _a(NLR Aleph) 002147724
090 _a2354328
_c2354328
100 _a19950127d1999 |||y1rusy50 ba
101 0 _apol
102 _aRU
105 _a|||||||||||||
200 1 _aBibliografia polska Karola i Stanisława Estreicherów. Cz. 3 (obejmująca druki stuleci XV-XVIII w układzie abecadłowym)
_eDopełnienia i sprostowania do Cz. 3
_fUniw. Jagielloński
_g[Zesp. red.: Andrzej Borowski (przewodn.) et al.]
205 _aWyd. scalone
210 _aKraków
_cWydaw. Uniw. Jagiellońskiego
_d1999
215 _d25
463 0 _12001#$a└Z. 1 : ┐A - G$f[Red.: Stanisław Siess-Krzyszkowski]
_1210##$d1999
_1215##$a231 c
_1010$a83-233-1273-7
_t└Z. 1 : ┐A - G
606 0 _aСтаропечатные книги
_xПольша
_xБиблиография
_2nlr-sh1
686 0 _aЯ12(4П)2
_2rubbk
700 1 _aEstreicher
_bKarol
_f1827-1908
_4070
701 1 _aEstreicher
_bStanisław
_f1869-1939
_4070
702 1 _aBorowski
_bAndrzej
_4340
712 0 2 _aUniwersytet Jagielloński
_cKraków
_bInstytut badań polonijnych
_7ba
_3RU\NLR\AUTH\88989
_9272422
801 0 _aRU
_bNLR
_c19950127
_gPSBO
801 1 _aRU
_bNLR
_c20011029
852 _aNLR
_jСи К-3/1131
942 _cBOOK